000 00681nam a2200217 a 4500
001 BRCA_2931
005 20190320204031.0
008 151208s1935----mx-a---###---#000-0#eng-u
050 4 _aF1226
_b.T45 1 1935
100 1 _aTeja Zabre, Alfonso
_98157
245 1 0 _aGuide to the history of Mexico
_ba modern interpretation
_cAlfonso Teja Zabre.
260 _aMéxico
_bMinistry of Foreign Affairs
_c1935
300 _axii, 375 p.
_bil.
_c25 cm.
500 _aEstado físico: lomo deteriorado y tapa desprendida.
500 _aEjemplar igual a CEF38
500 _aB59
504 _aBibliografía: p. [359]-370
651 4 _aMéxico
_xHistoria
_9614
902 _aGFM
942 _2lcc
_cB
999 _c2670
_d2670